| 000 | 00431nam a2200133 a 4500 | ||
|---|---|---|---|
| 001 | 000033476 | ||
| 005 | 20200930070302.0 | ||
| 008 | 110830s19uu dr 000 0 spa d | ||
| 040 |
_aDO-SdBNP _bspa _cBNPHU |
||
| 100 | 1 |
_aÁlvarez, Máximo A. _959004 |
|
| 245 | 1 | 0 |
_aMensajes y paliques de cometón / _cMáximo A. Álvarez. |
| 260 |
_aLa Vega, República Dominicana : _bEl Progreso de R. A. Ramos, _c[194?]. |
||
| 300 |
_a26 p. ; _c23 cm. |
||
| 999 |
_c32967 _d32967 |
||